[Event "15. Sueder Sommerpokal 2005"]
[Site "Recklinghausen GER"]
[Date "2005.08.03"]
[Round "3.33"]
[White "Jungbluth, Rolf"]
[Black "Deinert, Wolfgang"]
[Result "1-0"]
[WhiteElo "2183"]
[BlackElo "1951"]
[PlyCount "75"]
[EventDate "2005.08.01"]
[EventType "swiss"]
[EventRounds "9"]
[EventCountry "GER"]
[Source "lmi"]
[SourceDate "2005.08.02"]

1. c4 e5 2. Nc3 Bb4 3. Nf3 Bxc3 4. bxc3 d6 5. d3 Ne7 6. c5 Nbc6 7. cxd6 cxd6 8.
g3 O-O 9. Bg2 Be6 10. O-O Qd7 11. Ba3 Rad8 12. Qb1 f6 13. Rd1 b6 14. Rd2 Na5
15. c4 Qe8 16. Bb4 Nac6 17. e4 Nxb4 18. Qxb4 Qh5 19. Qa4 Ng6 20. Ne1 Qg5 21.
Rb2 f5 22. exf5 Bxf5 23. Qxa7 Bg4 24. Qxb6 h5 25. Qe3 Qf6 26. Rab1 h4 27. Bd5+
Kh8 28. f3 hxg3 29. hxg3 Be6 30. Rh2+ Kg8 31. Qe4 Rde8 32. Rb7 Qg5 33. Rg2 Rf6
34. f4 exf4 35. gxf4 Qh4 36. Nf3 Qh6 37. f5 Qc1+ 38. Ne1 1-0

[Event "15. Sueder Sommerpokal 2005"]
[Site "Recklinghausen GER"]
[Date "2005.08.03"]
[Round "3.34"]
[White "Rebber, Christian"]
[Black "Klees, Robert"]
[Result "1-0"]
[WhiteElo "2108"]
[BlackElo "1296"]
[PlyCount "57"]
[EventDate "2005.08.01"]
[EventType "swiss"]
[EventRounds "9"]
[EventCountry "GER"]
[Source "lmi"]
[SourceDate "2005.08.02"]

1. e4 e5 2. Nf3 Nc6 3. d4 exd4 4. Nxd4 Bc5 5. Be3 Qf6 6. c3 d6 7. Qd2 h6 8.
Nxc6 bxc6 9. Bxc5 dxc5 10. Na3 Be6 11. Qe3 Qe7 12. Bc4 Bxc4 13. Nxc4 Nf6 14.
O-O O-O 15. Rae1 Rfe8 16. f3 Nd7 17. Qf4 Rac8 18. Rd1 Qe6 19. b3 g5 20. Qg3 Nf6
21. Qf2 Nd7 22. Ne3 Ne5 23. c4 Rf8 24. Nf5 Nd7 25. Nxh6+ Qxh6 26. Rxd7 Qe6 27.
Qd2 Rfd8 28. Rxd8+ Rxd8 29. Qxd8+ 1-0

[Event "15. Sueder Sommerpokal 2005"]
[Site "Recklinghausen GER"]
[Date "2005.08.03"]
[Round "3.35"]
[White "Wachovius, Hans-Werner"]
[Black "Glahn, Michael"]
[Result "1-0"]
[WhiteElo "2027"]
[BlackElo "1234"]
[PlyCount "145"]
[EventDate "2005.08.01"]
[EventType "swiss"]
[EventRounds "9"]
[EventCountry "GER"]
[Source "lmi"]
[SourceDate "2005.08.02"]

1. d4 Nf6 2. Nf3 e6 3. e3 d5 4. Bd3 Nc6 5. c3 Bd6 6. Nbd2 Bd7 7. O-O Qe7 8. e4
dxe4 9. Nxe4 Nxe4 10. Bxe4 O-O 11. Re1 h6 12. Bc2 Qf6 13. Qd3 Qf5 14. Qe2 Qf6
15. Ne5 Bxe5 16. dxe5 Qh4 17. Qd3 Rfd8 18. Qh7+ Kf8 19. Qh8+ Ke7 20. Qxg7 Rg8
21. Qf6+ Qxf6 22. exf6+ Kxf6 23. Bxh6 e5 24. f4 Rae8 25. Bg5+ Kg7 26. f5 f6 27.
Bh4 Ne7 28. Rxe5 fxe5 29. f6+ Kf8 30. fxe7+ Kg7 31. Rf1 Kh6 32. g3 a6 33. Bb3
Rh8 34. Re1 Kg6 35. Rxe5 Rxh4 36. gxh4 Kf6 37. Re3 Rxe7 38. Rxe7 Kxe7 39. Kf2
Bf5 40. Kg3 Kf6 41. h5 Kg5 42. Bd1 b6 43. h4+ Kf6 44. Kf4 Bb1 45. a3 a5 46. Bf3
Kg7 47. Be4 Bxe4 48. Kxe4 Kh6 49. Kd5 Kxh5 50. Kc6 Kxh4 51. Kxc7 b5 52. Kb6 b4
53. Kxa5 bxc3 54. bxc3 Kg5 55. c4 Kf6 56. c5 Ke7 57. Kb6 Kd8 58. Kb7 Kd7 59.
c6+ Kd8 60. c7+ Kd7 61. c8=Q+ Kd6 62. Qc4 Kd7 63. Qc5 Ke6 64. Qd4 Kf5 65. Qe3
Kf6 66. Qe4 Kg7 67. Qf5 Kh8 68. Qg5 Kh7 69. Kc7 Kh8 70. Kd6 Kh7 71. Ke7 Kh8 72.
Kf6 Kh7 73. Qg7# 1-0

[Event "15. Sueder Sommerpokal 2005"]
[Site "Recklinghausen GER"]
[Date "2005.08.03"]
[Round "3.36"]
[White "Simon, Roland"]
[Black "Plotkin, Alex"]
[Result "1-0"]
[WhiteElo "1877"]
[BlackElo "1121"]
[PlyCount "53"]
[EventDate "2005.08.01"]
[EventType "swiss"]
[EventRounds "9"]
[EventCountry "GER"]
[Source "lmi"]
[SourceDate "2005.08.02"]

1. d4 f5 2. c4 Nf6 3. g3 g6 4. Bg2 Bg7 5. Nf3 O-O 6. O-O d6 7. b3 Qe8 8. Bb2 e5
9. dxe5 Nfd7 10. Nc3 dxe5 11. Nd5 Na6 12. e4 c6 13. Nc3 Nb6 14. a4 Nd7 15. exf5
Rxf5 16. Ne4 Rf8 17. Qd6 Nf6 18. Nxf6+ Bxf6 19. Bxe5 Bxe5 20. Nxe5 Qe6 21. Qd4
Nb4 22. Rad1 Na6 23. f4 c5 24. Qe3 Qb6 25. Nd7 Bxd7 26. Rxd7 Rab8 27. Qe7 1-0

[Event "15. Sueder Sommerpokal 2005"]
[Site "Recklinghausen GER"]
[Date "2005.08.03"]
[Round "3.38"]
[White "Berger, Nadja"]
[Black "Maibaum, Ludwig"]
[Result "0-1"]
[WhiteElo "771"]
[BlackElo "1566"]
[PlyCount "38"]
[EventDate "2005.08.01"]
[EventType "swiss"]
[EventRounds "9"]
[EventCountry "GER"]
[Source "lmi"]
[SourceDate "2005.08.02"]

1. d4 d5 2. Bf4 c6 3. c3 Bf5 4. e3 Nf6 5. Nf3 e6 6. Ne5 Nbd7 7. g4 Bg6 8. h4
Nxe5 9. h5 Be4 10. f3 Nxf3+ 11. Kf2 Nxg4+ 12. Kg3 f5 13. Bg2 Ng5 14. Bxe4 Nxe4+
15. Kf3 Bd6 16. Bxd6 Qxd6 17. Nd2 Qg3+ 18. Ke2 Qxe3+ 19. Kf1 Qf2# 0-1

[Event "15. Sueder Sommerpokal 2005"]
[Site "Recklinghausen GER"]
[Date "2005.08.04"]
[Round "4.1"]
[White "Mikhaletz, Lubomir"]
[Black "Savchenko, Vyacheslav"]
[Result "0-1"]
[WhiteElo "2451"]
[BlackElo "2387"]
[PlyCount "164"]
[EventDate "2005.08.01"]
[EventType "swiss"]
[EventRounds "9"]
[EventCountry "GER"]
[Source "lmi"]
[SourceDate "2005.08.04"]

1. Nc3 c5 2. Nf3 e6 3. g3 Nf6 4. Bg2 a6 5. O-O d6 6. a3 Nc6 7. Rb1 Bd7 8. b4
cxb4 9. axb4 b5 10. e4 Rc8 11. Re1 Be7 12. Ba3 Qb6 13. Qe2 O-O 14. h3 Ne5 15.
Kh2 Rc4 16. Rb3 Rfc8 17. Bb2 Nxf3+ 18. Bxf3 d5 19. e5 Ne4 20. Nxe4 dxe4 21. Bg2
Bxb4 22. Kg1 Bc6 23. Ba3 Bc5 24. Qxc4 Bxf2+ 25. Kf1 bxc4 26. Rxb6 Bxb6 27. Bxe4
f5 28. exf6 gxf6 29. g4 Bb5 30. Kg2 Bd4 31. Bf3 Kf7 32. g5 fxg5 33. Bh5+ Kf6
34. Kf3 c3 35. d3 Bc5 36. Bc1 Rd8 37. Rf1 Ke5 38. Re1+ Kf6 39. Rf1 Ke5 40. Re1+
Kd5 41. Ke2 h6 42. h4 Rg8 43. hxg5 hxg5 44. Kd1 Rg7 45. Bg4 e5 46. Rf1 Be7 47.
Rh1 Rf7 48. Bh5 Rf8 49. Bg6 g4 50. Be3 Kd6 51. Ke2 a5 52. Rb1 Bc6 53. Be4 Bxe4
54. dxe4 g3 55. Rb6+ Kd7 56. Rg6 a4 57. Rxg3 a3 58. Rg1 Kc6 59. Rg6+ Rf6 60.
Rg8 Bf8 61. Bg5 a2 62. Bxf6 a1=Q 63. Rxf8 Qa4 64. Rc8+ Kb7 65. Rxc3 Qa6+ 66.
Kd2 Qxf6 67. Rc4 Qf3 68. Rb4+ Kc6 69. c3 Kc5 70. Ra4 Kd6 71. Rb4 Ke7 72. Kc2
Kf6 73. Kb3 Qd3 74. Kb2 Kg5 75. Kb3 Kf4 76. Rc4 Qb1+ 77. Ka4 Ke3 78. Ka5 Qb3
79. Rc7 Kxe4 80. c4 Qb8 81. Rc6 Kd4 82. c5 Kc4 0-1

[Event "15. Sueder Sommerpokal 2005"]
[Site "Recklinghausen GER"]
[Date "2005.08.04"]
[Round "4.2"]
[White "Souleidis, Georgios"]
[Black "Leveikina, Jevgenija"]
[Result "1-0"]
[WhiteElo "2410"]
[BlackElo "2013"]
[PlyCount "83"]
[EventDate "2005.08.01"]
[EventType "swiss"]
[EventRounds "9"]
[EventCountry "GER"]
[Source "lmi"]
[SourceDate "2005.08.04"]

1. e4 e5 2. d4 exd4 3. Qxd4 Nc6 4. Qe3 d6 5. Nc3 Nf6 6. Bd2 Be7 7. O-O-O O-O 8.
Qg3 Be6 9. h4 Nh5 10. Qh2 Ne5 11. f3 a6 12. g4 Nf6 13. g5 Nh5 14. f4 Ng4 15.
Qg2 f5 16. exf5 Bxf5 17. Be2 Qd7 18. Nh3 Qe6 19. Rde1 Ne3 20. Qf2 Nxc2 21. Bxh5
Nxe1 22. Rxe1 Qd7 23. Ng1 g6 24. Bf3 c6 25. Nge2 d5 26. Nd4 Bc5 27. Be3 Bg4 28.
Rg1 Bxf3 29. Nxf3 Bd6 30. Qd2 Rae8 31. Ne5 Bxe5 32. fxe5 Rxe5 33. h5 Qf5 34.
Bd4 Re6 35. hxg6 Rxg6 36. Ne2 Re6 37. Bc5 Qe4 38. Bxf8 Qxe2 39. Qxe2 Rxe2 40.
Bh6 Kf7 41. Rf1+ Kg8 42. Rf8# 1-0

[Event "15. Sueder Sommerpokal 2005"]
[Site "Recklinghausen GER"]
[Date "2005.08.04"]
[Round "4.3"]
[White "Oberste, Norbert"]
[Black "Viebahn, Dirk"]
[Result "0-1"]
[WhiteElo "1996"]
[BlackElo "2063"]
[PlyCount "96"]
[EventDate "2005.08.01"]
[EventType "swiss"]
[EventRounds "9"]
[EventCountry "GER"]
[Source "lmi"]
[SourceDate "2005.08.04"]

1. f4 d5 2. e3 Nf6 3. Nf3 Bg4 4. d4 e6 5. Bd3 c5 6. c3 Nc6 7. O-O Qb6 8. Qe1
Bxf3 9. Rxf3 O-O-O 10. a4 c4 11. Bc2 Na5 12. Nd2 Kb8 13. Kh1 Be7 14. Qe2 Qc7
15. Rb1 Ka8 16. Qe1 Ng4 17. h3 h5 18. g3 g5 19. Kg2 Nh6 20. e4 g4 21. hxg4 Nxg4
22. e5 h4 23. Nf1 Rdg8 24. f5 exf5 25. Bxf5 hxg3 26. Bxg4 Rxg4 27. Rxf7 Re4 28.
Qxg3 Qc8 29. Rg7 Re2+ 30. Kg1 Bh4 31. Qg4 Bf2+ 32. Kg2 Bxd4+ 33. Kg3 Bxe5+ 34.
Bf4 Bxf4+ 35. Kf3 Re4 36. Qxc8+ Rxc8 37. Rd1 Bh6 38. Rf7 Re5 39. Rf6 Rf8 40.
Rxf8+ Bxf8 41. Ne3 Bc5 42. Nxd5 a6 43. Nf4 Ka7 44. Rd7 Re3+ 45. Kg4 Re1 46. Kf5
Rb1 47. Ne6 Bb6 48. Rd2 Ra1 0-1

[Event "15. Sueder Sommerpokal 2005"]
[Site "Recklinghausen GER"]
[Date "2005.08.04"]
[Round "4.4"]
[White "Weißkopf, Lutz"]
[Black "Halasz, Tamas"]
[Result "1/2-1/2"]
[WhiteElo "2122"]
[BlackElo "2385"]
[PlyCount "104"]
[EventDate "2005.08.01"]
[EventType "swiss"]
[EventRounds "9"]
[EventCountry "GER"]
[Source "lmi"]
[SourceDate "2005.08.04"]

1. e4 e5 2. Nf3 Nf6 3. Nxe5 d6 4. Nf3 Nxe4 5. Nc3 Nxc3 6. dxc3 Be7 7. Bf4 O-O
8. Qd2 Nd7 9. O-O-O Nc5 10. Nd4 Bf6 11. f3 Re8 12. Kb1 Ne6 13. Be3 Nxd4 14.
Bxd4 Bf5 15. h4 Bxd4 16. cxd4 Qe7 17. g4 Bd7 18. Bd3 d5 19. Qf4 c5 20. dxc5
Qxc5 21. g5 Qe3 22. Qc7 Bc6 23. Qg3 d4 24. Rdf1 h5 25. gxh6 Qxh6 26. Qg4 Rad8
27. Rhg1 Re3 28. b3 Re5 29. Rg3 Rde8 30. Kb2 Re1 31. Rxe1 Rxe1 32. f4 Kf8 33.
h5 Qf6 34. Qc8+ Re8 35. Qg4 Re1 36. Qc8+ Re8 37. Qg4 Re1 38. Qc8+ Be8 39. Qc5+
Kg8 40. h6 Qxh6 41. Qxd4 Re6 42. Qg1 Qf6+ 43. c3 b6 44. f5 Rc6 45. Bc4 Kf8 46.
Qh2 Rc5 47. Re3 Qh6 48. Rh3 Qf6 49. Re3 Qh6 50. Rh3 Qf6 51. Re3 Qh6 52. Rh3 Qf6
1/2-1/2

[Event "15. Sueder Sommerpokal 2005"]
[Site "Recklinghausen GER"]
[Date "2005.08.04"]
[Round "4.5"]
[White "Distelrath, Oliver"]
[Black "Bakhmatov, Eduard"]
[Result "0-1"]
[WhiteElo "2029"]
[BlackElo "2373"]
[PlyCount "58"]
[EventDate "2005.08.01"]
[EventType "swiss"]
[EventRounds "9"]
[EventCountry "GER"]
[Source "lmi"]
[SourceDate "2005.08.04"]

1. d4 Nf6 2. Nf3 g6 3. Bf4 Bg7 4. e3 O-O 5. Nbd2 c5 6. c3 cxd4 7. exd4 Nc6 8.
Be2 d6 9. O-O Nd5 10. Bg5 h6 11. Bh4 Nf4 12. Re1 g5 13. Bg3 Nxe2+ 14. Qxe2 Be6
15. h4 g4 16. Nh2 Qd7 17. Bf4 Bf5 18. f3 gxf3 19. Ndxf3 e5 20. dxe5 dxe5 21.
Rad1 Qe6 22. Qb5 Rfe8 23. Bc1 Qxa2 24. g4 Be6 25. g5 h5 26. Qxb7 Rec8 27. Qb5
Bc4 28. Qc5 Nd4 29. Qe7 Ne2+ 0-1

[Event "15. Sueder Sommerpokal 2005"]
[Site "Recklinghausen GER"]
[Date "2005.08.04"]
[Round "4.6"]
[White "Kiseleva, Natalia"]
[Black "Kortenbusch, Christoph"]
[Result "1/2-1/2"]
[WhiteElo "2300"]
[BlackElo "2070"]
[PlyCount "59"]
[EventDate "2005.08.01"]
[EventType "swiss"]
[EventRounds "9"]
[EventCountry "GER"]
[Source "lmi"]
[SourceDate "2005.08.04"]

1. d4 Nf6 2. c4 c5 3. d5 b5 4. cxb5 a6 5. bxa6 Bxa6 6. Nc3 g6 7. Nf3 Bg7 8. g3
d6 9. Bg2 Nbd7 10. Rb1 O-O 11. O-O Qc7 12. Qc2 Rfb8 13. Rd1 Ng4 14. h3 Nge5 15.
Ne1 Qa5 16. b3 Nf3+ 17. Nxf3 Qxc3 18. Qe4 Bf6 19. Bd2 Rb4 20. Qxe7 Qxd2 21.
Qxd7 Qxe2 22. Qxd6 Be7 23. Qe5 Bd3 24. d6 Re4 25. Qd5 Rxa2 26. Rd2 Rxd2 27.
Nxd2 Rd4 28. Qa8+ Bf8 29. Rb2 Rxd6 30. Nc4 1/2-1/2

[Event "15. Sueder Sommerpokal 2005"]
[Site "Recklinghausen GER"]
[Date "2005.08.04"]
[Round "4.7"]
[White "Krug, Kevin"]
[Black "Kummerow, Heiko"]
[Result "1/2-1/2"]
[WhiteElo "2098"]
[BlackElo "2296"]
[PlyCount "67"]
[EventDate "2005.08.01"]
[EventType "swiss"]
[EventRounds "9"]
[EventCountry "GER"]
[Source "lmi"]
[SourceDate "2005.08.04"]

1. e4 e6 2. d4 d5 3. Nc3 Bb4 4. Nge2 Nc6 5. a3 Ba5 6. b4 Bb6 7. exd5 exd5 8.
Be3 Nge7 9. Ng3 Nf5 10. Nxf5 Bxf5 11. Qd2 O-O 12. Be2 Ne7 13. O-O c6 14. Rfe1
Bc7 15. Bd3 Qd6 16. g3 Rfe8 17. Bf4 Qd7 18. Bxc7 Bxd3 19. Qxd3 Qxc7 20. Re3 Qd7
21. Rae1 Rad8 22. b5 Nc8 23. bxc6 bxc6 24. Na4 Nd6 25. Nc5 Qc7 26. Qe2 Rxe3 27.
Qxe3 Qc8 28. Qf4 Re8 29. Rb1 Rd8 30. Rb3 h6 31. Rf3 Qb8 32. Rb3 Qc8 33. Rf3 Qb8
34. Rb3 1/2-1/2

[Event "15. Sueder Sommerpokal 2005"]
[Site "Recklinghausen GER"]
[Date "2005.08.04"]
[Round "4.8"]
[White "Eismont, Igor"]
[Black "Reichelt, Manfred"]
[Result "1-0"]
[WhiteElo "2292"]
[BlackElo "2092"]
[PlyCount "77"]
[EventDate "2005.08.01"]
[EventType "swiss"]
[EventRounds "9"]
[EventCountry "GER"]
[Source "lmi"]
[SourceDate "2005.08.04"]

1. d4 e6 2. c4 f5 3. Nf3 Nf6 4. g3 Be7 5. Bg2 O-O 6. O-O d6 7. Nc3 Qe8 8. b3 a5
9. Re1 Qh5 10. Ba3 Rf7 11. e4 fxe4 12. Nxe4 Nxe4 13. Rxe4 Na6 14. Re3 Nb4 15.
Qd2 e5 16. Bxb4 axb4 17. dxe5 Bh3 18. exd6 cxd6 19. Qxb4 Bxg2 20. Kxg2 Raf8 21.
Qb5 Rf5 22. Qxb7 Bg5 23. Rd3 d5 24. Rf1 Rxf3 25. Qxd5+ R3f7 26. f4 Rd8 27. Qf3
Qxf3+ 28. Rfxf3 Rxd3 29. Rxd3 Be7 30. Rd5 Rf6 31. Kf3 Ra6 32. a4 Kf7 33. h4 g6
34. Rb5 Rd6 35. Ke2 Re6+ 36. Kd2 Rd6+ 37. Kc2 Bf6 38. Rb7+ Ke6 39. a5 1-0

[Event "15. Sueder Sommerpokal 2005"]
[Site "Recklinghausen GER"]
[Date "2005.08.04"]
[Round "4.10"]
[White "Bubolz, Konstantin"]
[Black "Kreslawski, Raimond"]
[Result "1-0"]
[WhiteElo "2019"]
[BlackElo "2245"]
[PlyCount "84"]
[EventDate "2005.08.01"]
[EventType "swiss"]
[EventRounds "9"]
[EventCountry "GER"]
[Source "lmi"]
[SourceDate "2005.08.04"]

1. d4 Nf6 2. c4 c5 3. d5 e5 4. Nc3 d6 5. g3 Be7 6. Bg2 O-O 7. e4 Ne8 8. Nh3 Na6
9. O-O Bd7 10. Be3 Qc8 11. Ng5 Nac7 12. a4 b6 13. Nf3 a6 14. Ne1 Nf6 15. Qc2 b5
16. b3 bxc4 17. bxc4 Rb8 18. Nd3 Ng4 19. Bd2 f5 20. f3 Nf6 21. Rab1 fxe4 22.
fxe4 Rxb1 23. Rxb1 Bh3 24. Rb6 Bxg2 25. Kxg2 Nce8 26. Qb1 Bd8 27. Rb8 Qd7 28.
Rb7 Qg4 29. Nf2 Qh5 30. Qd1 Qg6 31. Qe2 Nh5 32. Kh1 Ba5 33. Ncd1 Bxd2 34. Qxd2
Nef6 35. Qe2 Qxg3 36. Qxh5 Qxf2 37. Rxg7+ Kh8 38. Rxh7+ Nxh7 39. Nxf2 Rxf2 40.
Kg1 Rf4 41. Qe8+ Rf8 42. Qe7 Rf6 1-0

[Event "15. Sueder Sommerpokal 2005"]
[Site "Recklinghausen GER"]
[Date "2005.08.04"]
[Round "4.11"]
[White "Jähnisch, Frank"]
[Black "Rütten, Ingmar"]
[Result "1-0"]
[WhiteElo "2241"]
[BlackElo "2037"]
[PlyCount "59"]
[EventDate "2005.08.01"]
[EventType "swiss"]
[EventRounds "9"]
[EventCountry "GER"]
[Source "lmi"]
[SourceDate "2005.08.04"]

1. d4 Nf6 2. c4 e6 3. Nc3 Bb4 4. e3 O-O 5. Nge2 d5 6. a3 Be7 7. cxd5 exd5 8. b4
Re8 9. Ng3 Nbd7 10. Bd3 Nf8 11. O-O g6 12. b5 Bd6 13. a4 Ng4 14. h3 Nf6 15. f4
c5 16. Qf3 cxd4 17. exd4 Bb4 18. Nce2 Qe7 19. f5 Ne4 20. fxg6 Nxg6 21. Nxe4
dxe4 22. Bxe4 Qxe4 23. Qxf7+ Kh8 24. Bg5 Qe3+ 25. Bxe3 Rxe3 26. Nf4 Nxf4 27.
Qxf4 Re2 28. Qf6+ Kg8 29. Qg5+ Kh8 30. Rf7 1-0

[Event "15. Sueder Sommerpokal 2005"]
[Site "Recklinghausen GER"]
[Date "2005.08.04"]
[Round "4.12"]
[White "Goldschmidt, Christian"]
[Black "Hahn, Matthias"]
[Result "1/2-1/2"]
[WhiteElo "2200"]
[BlackElo "1994"]
[PlyCount "128"]
[EventDate "2005.08.01"]
[EventType "swiss"]
[EventRounds "9"]
[EventCountry "GER"]
[Source "lmi"]
[SourceDate "2005.08.04"]

1. e4 c5 2. c3 Nf6 3. e5 Nd5 4. d4 cxd4 5. Nf3 Nc6 6. cxd4 d6 7. exd6 e6 8. Nc3
Bxd6 9. Bd3 Nf6 10. a3 O-O 11. O-O b6 12. Bg5 Be7 13. Rc1 Bb7 14. Bb1 Rc8 15.
Qd3 g6 16. Ba2 Nd5 17. Bh6 Nxc3 18. Rxc3 Re8 19. Rd1 Bf8 20. Bxf8 Rxf8 21. d5
exd5 22. Bxd5 Na5 23. Rxc8 Qxc8 24. b4 Bxd5 25. Qxd5 Nc6 26. Rc1 Ne7 27. Qd1
Qd8 28. Qa4 Qb8 29. Qd7 Qf4 30. Re1 Nc8 31. Ne5 a5 32. g3 Qf6 33. bxa5 bxa5 34.
Nc6 Qd6 35. Qxd6 Nxd6 36. Nxa5 Ra8 37. Re5 Rc8 38. Rd5 Ne4 39. Rd3 Rc1+ 40. Kg2
Rc2 41. Rf3 f5 42. Nb3 Ng5 43. Rd3 Ne4 44. Rd8+ Kg7 45. Rd7+ Kf6 46. Rxh7 Rxf2+
47. Kg1 Rb2 48. Nd4 Ng5 49. Rc7 Rd2 50. Rc6+ Kf7 51. h4 Nh3+ 52. Kf1 Rxd4 53.
Kg2 Nf4+ 54. gxf4 Rxf4 55. Kg3 Rg4+ 56. Kh3 Ra4 57. Rc3 Kg7 58. Rg3 Kh6 59. Kg2
Kh5 60. Rg5+ Kxh4 61. Rxg6 Rxa3 62. Kf2 Kh5 63. Rg8 Kh6 64. Rg1 Kh5 1/2-1/2

[Event "15. Sueder Sommerpokal 2005"]
[Site "Recklinghausen GER"]
[Date "2005.08.04"]
[Round "4.13"]
[White "Michalicek, Roland"]
[Black "Werner, Michael"]
[Result "1-0"]
[WhiteElo "1733"]
[BlackElo "2144"]
[PlyCount "59"]
[EventDate "2005.08.01"]
[EventType "swiss"]
[EventRounds "9"]
[EventCountry "GER"]
[Source "lmi"]
[SourceDate "2005.08.04"]

1. e4 c5 2. Nf3 e6 3. d4 cxd4 4. Nxd4 a6 5. Bc4 Qc7 6. Bb3 Nc6 7. Be3 Nf6 8.
Nd2 Na5 9. c3 Nxb3 10. axb3 d5 11. Qf3 Bd7 12. O-O Rc8 13. Rfe1 Bd6 14. exd5
Nxd5 15. Bh6 Bxh2+ 16. Kh1 Be5 17. Qxd5 exd5 18. Bxg7 f6 19. Bxf6 Kf7 20. Bxe5
Qb6 21. Re3 Qh6+ 22. Kg1 Bg4 23. Bxh8 Rxh8 24. Rae1 Rf8 25. N2f3 Bxf3 26. Nf5
Qf4 27. Rxf3 Qd2 28. Nd6+ Kg7 29. Re7+ Kg6 30. Re6+ 1-0

[Event "15. Sueder Sommerpokal 2005"]
[Site "Recklinghausen GER"]
[Date "2005.08.04"]
[Round "4.14"]
[White "Zarges, Stephan"]
[Black "Dunst, Wilhelm"]
[Result "1/2-1/2"]
[WhiteElo "2138"]
[BlackElo "1805"]
[PlyCount "58"]
[EventDate "2005.08.01"]
[EventType "swiss"]
[EventRounds "9"]
[EventCountry "GER"]
[Source "lmi"]
[SourceDate "2005.08.04"]

1. e4 e5 2. Nf3 Nf6 3. Nxe5 d6 4. Nf3 Nxe4 5. c4 Be7 6. Nc3 Bf5 7. Nd4 Nxc3 8.
dxc3 Bg6 9. Be2 O-O 10. Bf3 c6 11. O-O Nd7 12. Be3 Ne5 13. Be2 c5 14. Nb3 Be4
15. f4 Nd7 16. Nd2 Bc6 17. Bf3 Nf6 18. b4 Qc7 19. b5 Bxf3 20. Qxf3 Rfe8 21. Bf2
Rad8 22. Bh4 Nd7 23. Bf2 Nb6 24. f5 Nd7 25. Bg3 Bf6 26. Ne4 Be5 27. Rae1 f6 28.
Rd1 Nb6 29. Bxe5 Rxe5 1/2-1/2

[Event "15. Sueder Sommerpokal 2005"]
[Site "Recklinghausen GER"]
[Date "2005.08.04"]
[Round "4.15"]
[White "Mainka, Romuald"]
[Black "Podzielny, Karl-Heinz"]
[Result "1/2-1/2"]
[WhiteElo "2446"]
[BlackElo "2452"]
[PlyCount "24"]
[EventDate "2005.08.01"]
[EventType "swiss"]
[EventRounds "9"]
[EventCountry "GER"]
[Source "lmi"]
[SourceDate "2005.08.04"]

1. e4 c5 2. Nf3 e6 3. d4 cxd4 4. Nxd4 a6 5. c4 Nf6 6. Nc3 Qc7 7. a3 d6 8. Be2
b6 9. Be3 Bb7 10. f3 Nbd7 11. Rc1 Rc8 12. b4 Qb8 1/2-1/2

[Event "15. Sueder Sommerpokal 2005"]
[Site "Recklinghausen GER"]
[Date "2005.08.04"]
[Round "4.16"]
[White "Berthy, Andreas"]
[Black "Hagermann, Hermann"]
[Result "1/2-1/2"]
[WhiteElo "1582"]
[BlackElo "2133"]
[PlyCount "59"]
[EventDate "2005.08.01"]
[EventType "swiss"]
[EventRounds "9"]
[EventCountry "GER"]
[Source "lmi"]
[SourceDate "2005.08.04"]

1. e4 e5 2. Nf3 Nc6 3. Bc4 Be7 4. Nc3 Nf6 5. d3 d6 6. h3 Na5 7. Bb3 Nxb3 8.
axb3 c6 9. Be3 b6 10. O-O O-O 11. Re1 Bd7 12. Ra6 Qc7 13. Qa1 c5 14. Bg5 Bc6
15. Bxf6 Bxf6 16. Nd5 Bxd5 17. exd5 Rfb8 18. Qa4 b5 19. Qe4 Rb6 20. Ra2 g6 21.
Nd2 a5 22. f4 Rba6 23. Nf3 a4 24. Rea1 exf4 25. Qxf4 Kg7 26. bxa4 bxa4 27. Rxa4
Rxa4 28. Rxa4 Rxa4 29. Qxa4 Bxb2 30. Qe4 1/2-1/2

[Event "15. Sueder Sommerpokal 2005"]
[Site "Recklinghausen GER"]
[Date "2005.08.04"]
[Round "4.17"]
[White "Savchenko, Aleksij"]
[Black "Kartsev, Soel"]
[Result "1/2-1/2"]
[WhiteElo "2013"]
[BlackElo "2269"]
[PlyCount "108"]
[EventDate "2005.08.01"]
[EventType "swiss"]
[EventRounds "9"]
[EventCountry "GER"]
[Source "lmi"]
[SourceDate "2005.08.04"]

1. d4 f5 2. g3 Nf6 3. Bg2 g6 4. c3 Bg7 5. Qb3 e6 6. Nd2 Nc6 7. Nh3 O-O 8. Nf4
Qe7 9. h4 d6 10. Nf3 Ne4 11. Ng5 Nxg5 12. hxg5 Nd8 13. Be3 Nf7 14. d5 e5 15.
Ne6 Bxe6 16. dxe6 Nd8 17. Qc4 e4 18. f3 b5 19. Qxb5 Nxe6 20. Qd5 c6 21. Qxc6
Nxg5 22. Qd5+ Kh8 23. fxe4 Nxe4 24. Bxe4 Rae8 25. O-O-O Qxe4 26. Qxe4 Rxe4 27.
Bxa7 Ra8 28. Rxd6 Bxc3 29. Rd7 Bg7 30. e3 h5 31. Rh4 Rc8+ 32. Kb1 Rce8 33. b4
Bf6 34. Rxe4 Rxe4 35. Bd4 Bxd4 36. exd4 f4 37. gxf4 h4 38. Rc7 Rxd4 39. a3 Rxf4
40. b5 h3 41. b6 Rf6 42. Rc3 Rxb6+ 43. Ka2 g5 44. Rxh3+ Kg7 45. a4 Kg6 46. Ka3
g4 47. Rg3 Kf5 48. a5 Rb1 49. Ka4 Kf4 50. Rg2 Kf3 51. Ra2 g3 52. a6 g2 53. a7
g1=Q 54. a8=Q+ Kf4 1/2-1/2

[Event "15. Sueder Sommerpokal 2005"]
[Site "Recklinghausen GER"]
[Date "2005.08.04"]
[Round "4.18"]
[White "Ciornei, Dragos"]
[Black "Bosau, Jens"]
[Result "1-0"]
[WhiteElo "2198"]
[BlackElo "1657"]
[PlyCount "73"]
[EventDate "2005.08.01"]
[EventType "swiss"]
[EventRounds "9"]
[EventCountry "GER"]
[Source "lmi"]
[SourceDate "2005.08.04"]

1. e4 d6 2. d4 Nf6 3. Nc3 g6 4. f3 Bg7 5. Be3 O-O 6. Qd2 h5 7. O-O-O Nbd7 8. e5
Nh7 9. Bh6 e6 10. Bxg7 Kxg7 11. h4 Nb6 12. Qe3 Nd5 13. Qd2 Nxc3 14. Qxc3 d5 15.
g4 hxg4 16. fxg4 c6 17. g5 Bd7 18. Nf3 Rh8 19. Qe3 Nf8 20. Qf4 Rc8 21. Nh2 c5
22. dxc5 Rxc5 23. Ng4 Bb5 24. b4 Bxf1 25. bxc5 Be2 26. Nh6 Qe7 27. Rd2 Bb5 28.
Rf2 Be8 29. Rhf1 Rxh6 30. gxh6+ Kg8 31. Qf6 Qxf6 32. Rxf6 Nd7 33. h7+ Kxh7 34.
Rxf7+ Kh6 35. Re7 Kh5 36. Rxe8 Kxh4 37. Rg1 1-0

[Event "15. Sueder Sommerpokal 2005"]
[Site "Recklinghausen GER"]
[Date "2005.08.04"]
[Round "4.19"]
[White "Rath, Oliver"]
[Black "Trzaska, Peter"]
[Result "1-0"]
[WhiteElo "1889"]
[BlackElo "2198"]
[PlyCount "113"]
[EventDate "2005.08.01"]
[EventType "swiss"]
[EventRounds "9"]
[EventCountry "GER"]
[Source "lmi"]
[SourceDate "2005.08.04"]

1. d4 d5 2. c4 dxc4 3. e3 e5 4. Bxc4 exd4 5. exd4 Nf6 6. Nf3 Be7 7. O-O O-O 8.
Nc3 Nbd7 9. Ne5 Nb6 10. Bb3 Nbd5 11. Bg5 Be6 12. Re1 Re8 13. Ba4 c6 14. Nxc6
bxc6 15. Bxc6 Nxc3 16. bxc3 Qc7 17. Bxa8 Rxa8 18. Bxf6 Bxf6 19. Qd2 h6 20. f4
Rc8 21. Rac1 Qc4 22. Red1 Bd5 23. Rc2 a5 24. Kf2 g6 25. Kg1 Kg7 26. h3 h5 27.
Qe3 h4 28. Qd2 a4 29. Qf2 Re8 30. Qd2 Rc8 31. Qe3 a3 32. Qd2 Be4 33. Rcc1 Rb8
34. Qf2 Bd5 35. Rd2 Re8 36. Qf1 Rb8 37. Qf2 Rb6 38. Rdc2 Re6 39. Qf1 Qc6 40.
Kh2 Bc4 41. Qf3 Qxf3 42. gxf3 Be7 43. Kg2 Bd6 44. Rd1 Re8 45. d5 Rb8 46. Rd4
Rb2 47. Rdd2 Rb5 48. Rd4 Kf6 49. Rxc4 Rb2 50. Rf2 Kf5 51. Rc6 Bxf4 52. Rxb2
axb2 53. Rb6 Bc1 54. a4 Ke5 55. a5 Kxd5 56. a6 Kc5 57. Rxb2 1-0